[Event "Montreal Fete du travail"]
[Site "Montreal"]
[Date "2007.09.01"]
[Round "2"]
[White "Zir Mohamed, Bachir"]
[Black "Chesnut, Walter"]
[Result "1-0"]
[WhiteElo "1424"]
[BlackElo "1484"]
[PlyCount "61"]
[EventDate "2007.09.01"]
[EventType "swiss"]
[EventRounds "5"]
[EventCountry "CAN"]
[SourceTitle "EXT 2022"]
[Source "ChessBase"]
[SourceDate "2021.10.06"]
[SourceVersion "1"]
[SourceVersionDate "2021.10.06"]
[SourceQuality "1"]

1. e4 c5 2. Nf3 d6 3. d4 cxd4 4. Nxd4 Nf6 5. Nc3 a6 6. Be2 e5 7. Nf3 h6 8. 0-0 Be6 9. Be3 b5 10. a3 Be7 11. Qd2 Ng4 12. Rad1 Nd7 13. h3 Nxe3 14. Qxe3 Nb6 15. Nxe5 Qc7 16. Nf3 0-0 17. Nd5 Nxd5 18. exd5 Bf5 19. Nd4 Bh7 20. Bd3 Bf6 21. c3 Bxd4 22. Qxd4 Bxd3 23. Qxd3 Rfe8 24. Rfe1 Re7 25. Re4 Rae8 26. Rde1 Kf8 27. Kf1 Rxe4 28. Rxe4 Rxe4 29. Qxe4 Qc4+ 30. Qxc4 bxc4 31. Ke2 1-0